| 000 -LEADER |
| fixed length control field |
nam a22 a 4500 |
| 003 - CONTROL NUMBER IDENTIFIER |
| control field |
AKMAL |
| 005 - DATE AND TIME OF LATEST TRANSACTION |
| control field |
20170515150422.0 |
| 008 - FIXED-LENGTH DATA ELEMENTS--GENERAL INFORMATION |
| fixed length control field |
170515s2006 my e o000 0 may d |
| 020 ## - INTERNATIONAL STANDARD BOOK NUMBER |
| International Standard Book Number |
9834268521 (kkt.) |
| 022 ## - INTERNATIONAL STANDARD SERIAL NUMBER |
| International Standard Serial Number |
18230873 |
| 039 #9 - LEVEL OF BIBLIOGRAPHIC CONTROL AND CODING DETAIL [OBSOLETE] |
| Level of rules in bibliographic description |
201305270802 |
| Level of effort used to assign nonsubject heading access points |
norizan |
| Level of effort used to assign subject headings |
201305231357 |
| Level of effort used to assign classification |
ladduni |
| Level of effort used to assign subject headings |
200901201003 |
| Level of effort used to assign classification |
marzihan |
| Level of effort used to assign subject headings |
200901071349 |
| Level of effort used to assign classification |
fatimah |
| 040 ## - CATALOGING SOURCE |
| Original cataloging agency |
AKMAL |
| Transcribing agency |
AKMAL |
| 049 ## - LOCAL HOLDINGS (OCLC) |
| Holding library |
pma |
| 082 04 - DEWEY DECIMAL CLASSIFICATION NUMBER |
| Classification number |
371.9110720595 WON |
| Edition number |
22 |
| 090 00 - LOCALLY ASSIGNED LC-TYPE CALL NUMBER (OCLC); LOCAL CALL NUMBER (RLIN) |
| Classification number (OCLC) (R) ; Classification number, CALL (RLIN) (NR) |
371.9110720595 |
| Local cutter number (OCLC) ; Book number/undivided call number, CALL (RLIN) |
WON |
| 090 20 - LOCALLY ASSIGNED LC-TYPE CALL NUMBER (OCLC); LOCAL CALL NUMBER (RLIN) |
| Classification number (OCLC) (R) ; Classification number, CALL (RLIN) (NR) |
371.9110720595 |
| Local cutter number (OCLC) ; Book number/undivided call number, CALL (RLIN) |
WON |
| 100 1# - MAIN ENTRY--PERSONAL NAME |
| Personal name |
Wong, Huey Siew |
| 9 (RLIN) |
4589 |
| 245 10 - TITLE STATEMENT |
| Title |
Persekitaran pembelajaran pelajar cacat penglihatan di Malaysia / |
| Statement of responsibility, etc. |
Wong Huey Siew |
| 260 ## - PUBLICATION, DISTRIBUTION, ETC. |
| Place of publication, distribution, etc. |
Kuala Lumpur : |
| Name of publisher, distributor, etc. |
Institut Sosial Malaysia, |
| Date of publication, distribution, etc. |
2006 |
| 300 ## - PHYSICAL DESCRIPTION |
| Extent |
xi, 262ms. : |
| Other physical details |
il. ; |
| Dimensions |
26cm. |
| 490 0# - SERIES STATEMENT |
| Series statement |
ISM research monograph series ; |
| Volume/sequential designation |
no. 3 |
| 500 ## - GENERAL NOTE |
| General note |
Kolek Peribadi YABhg. Tun Ahmad Sarji (2100522) |
| 504 ## - BIBLIOGRAPHY, ETC. NOTE |
| Bibliography, etc. note |
Bibliografi: ms. 244-262 |
| 650 10 - SUBJECT ADDED ENTRY--TOPICAL TERM |
| Topical term or geographic name entry element |
Blind |
| General subdivision |
Education |
| -- |
Research |
| Geographic subdivision |
Malaysia |
| 9 (RLIN) |
4590 |
| 650 20 - SUBJECT ADDED ENTRY--TOPICAL TERM |
| Topical term or geographic name entry element |
Visually handicapped |
| General subdivision |
Education |
| -- |
Research |
| Geographic subdivision |
Malaysia |
| 9 (RLIN) |
4591 |
| 650 20 - SUBJECT ADDED ENTRY--TOPICAL TERM |
| Topical term or geographic name entry element |
People with disabilities |
| General subdivision |
Education |
| -- |
Research |
| Geographic subdivision |
Malaysia |
| 9 (RLIN) |
4592 |
| 830 #0 - SERIES ADDED ENTRY--UNIFORM TITLE |
| Uniform title |
ISM research monograph series ; |
| Volume/sequential designation |
no. 3 |
| 9 (RLIN) |
4593 |
| 942 ## - ADDED ENTRY ELEMENTS (KOHA) |
| Source of classification or shelving scheme |
|
| Koha item type |
Book |